|
|
|
|
| LEADER |
00000nab a2200000uu 4500 |
| 001 |
vtls011135677 |
| 003 |
SK-MaSNL |
| 005 |
20260304015303.0 |
| 008 |
230222|2010 xo |||||||||||||||||eng| |
| 015 |
|
|
|a SNBRB
|
| 035 |
|
|
|a (urnnbn)urn:nbn:sk:snk:ar-007gcg
|
| 035 |
|
|
|a (uuid)c6d0f85c-d70a-4ec4-854e-fe1a7013890b
|
| 035 |
|
|
|a urn:nbn:sk:snk-abaoox
|
| 040 |
|
|
|a SNKBUCL
|b slo
|c SNKBUCL
|e AACR2
|
| 041 |
0 |
|
|a eng
|
| 044 |
|
|
|a xo
|c SK
|
| 100 |
1 |
|
|a Janík, Ján,
|d 1946-
|4 aut
|9 250994
|
| 245 |
1 |
0 |
|a TECHNOLOGIES AND MATERIALS FOR MICRO AND NANO-ELECTRONICS
|c Ján Janík
|
| 773 |
0 |
|
|t Acta electrotechnica et informatica
|g Roč. 10, č. 3 (2010), s. 93-96
|
| 958 |
|
|
|a OND
|
| 958 |
|
|
|a EUIPO
|
| 958 |
|
|
|a article14
|
| 999 |
|
|
|c 2590560
|d 2592490
|